Normal view
MARC view
- ANAMIKA SATHEESH
Entry Personal Name
001 - CONTROL NUMBER
- control field: 5490
003 - CONTROL NUMBER IDENTIFIER
- control field: OSt
005 - DATE AND TIME OF LATEST TRANSACTION
- control field: 20230624123712.0
008 - FIXED-LENGTH DATA ELEMENTS
- fixed length control field: 230624|| aca||aabn | a|a d
040 ## - CATALOGING SOURCE
- Original cataloging agency: OSt
- Transcribing agency: OSt
100 ## - HEADING--PERSONAL NAME
- Personal name: ANAMIKA SATHEESH
- Personal name: SHALINI R
- Personal name: SISIRA K S
- Personal name: SWET RAJ
670 ## - SOURCE DATA FOUND
- Source citation: Work cat.: (OSt)17715: ANAMIKA SATHEESH SHALINI R SISIRA K S SWET RAJ, REFINEMENT AND EVALUATION OF AUTOMATED NUTRIENT MONITORING AND CONTROL SYSTEM FOR SPINACH IN HYDROPONICS, 2023
